000 00535nam a2200181Ia 4500
008 151202s9999||||xx |||||||||||||| ||und||
082 _bPNVM-18531
100 _aMONTAGOMORY.
245 _aTHE MEMORIES OF FIELD MARSHAL THE VISCOUNT MONTGOMERY.
260 _b"COLLINS,LONDON."
260 _c1958
300 _a574
600 _aMONTAGOMORY.
630 _aTHE MEMORIES OF FIELD MARSHAL THE VISCOUNT MONTGOMERY.
700 _aMONTAGOMORY.
730 _aTHE MEMORIES OF FIELD MARSHAL THE VISCOUNT MONTGOMERY.
942 _cBOOK
999 _c1284515
_d1284512